Every LEGO Marvel Super Heroes Minifigure Released in 2019 - Statistics

General Stats
  • This quiz has been taken 23 times
  • The average score is 34 of 39
Answer Stats
Set Name # Answer % Correct
Avengers Ultimate Quinjet 76126 Black Widow
100%
[...]: Outriders Attack 76123 Captain America
100%
[...] and the Skrull Attack 76127 Captain Marvel
100%
Hall of Armor 76125 Iron Man
100%
Mark 1
100%
Mark 38 "Igor"
100%
Mark 41
100%
Mark 5
100%
Mark 50
100%
Michelle Jones
100%
Molten Man Battle 76128 Mysterio
100%
Nick Fury
100%
Spider-Man (Miles Morales)
100%
Spider-Man (Peter Parker)
100%
Thanos
100%
Venom
100%
Goose
93%
Avengers Compound Battle 76131 Hulk
93%
Ned Leeds
93%
Thor
93%
[...] Diamond Heist 76134 Doctor Octopus
86%
Stark Jet and the Drone Attack 76130 Happy Hogan
86%
Hawkeye
86%
[...] Attack 76129 Hydro Man
86%
Talos
86%
War Machine
86%
War Machine Buster 76124 Ant-Man
79%
Avengers Hulk Helicopter Rescue 76144 Rescue
79%
Spider-Gwen
79%
[...] Bike Rescue 76113 Carnage
71%
[...]: Car Chase 76133 Green Goblin
71%
Nebula
71%
[...]'s Spider Crawler 76114 Sandman
71%
[...] and the Asis 77902 Maria Rambeau
64%
Maria Hill
57%
Rocket Raccoon
57%
Spider-Man 2099
57%
Vulture
57%
[...] Mech vs. [...] Mech 76115 Aunt May
50%
No matching quizzes found
Score Distribution
Percent of People with Each Score
Percentile by Number Answered
Your Score History
You have not taken this quiz